Kunst: Anspruch und Gegenstand : von der Kunstgewerbeschule zur Hochschule für Angewandte Kunst in Wien 1918 - 1991 /

Corporate Author: Hochschule für Angewandte Kunst (Vídeň, Rakousko)
Other Authors: Patka, Erika, 1942-
Language: German
Published: Salzburg : Residenz, c1991
Physical Description: 387 s. : il. (některé barev.) ; 29 cm
Book
Saved in:
LEADER 02027nam a2200493 a 4500
001 001146735
003 CZ BrMZK
005 20110527104125.0
007 ta
008 110429s1991 au a e 001 0 ger
020 |a 3-7017-0722-7  |q (váz.) 
040 |a BOA001  |b cze 
043 |a e-au--- 
045 |a x1x9 
072 7 |a 7.01/.09  |x Umění  |2 Konspekt  |9 21 
080 |a 378.6:7  |2 MRF 
080 |a 745/749.05  |2 MRF 
080 |a 7.05.011.4  |2 MRF 
080 |a 643/645:72.012.8  |2 MRF 
080 |a 72(436)  |2 MRF 
080 |a 72/76(436)  |2 MRF 
080 |a (436.1)  |2 MRF 
080 |a (048.8:082)  |2 MRF 
245 0 0 |a Kunst: Anspruch und Gegenstand :  |b von der Kunstgewerbeschule zur Hochschule für Angewandte Kunst in Wien 1918 - 1991 /  |c [Redaktion Erika Patka] 
260 |a Salzburg :  |b Residenz,  |c c1991 
300 |a 387 s. :  |b il. (některé barev.) ;  |c 29 cm 
500 |a Životopisná data, přehled výstav a zastoupení ve sbírkách 
504 |a Obsahuje bibliografii, bibliografické odkazy a rejstřík 
648 4 |a 1918 - 1991 
650 0 7 |a vysoké umělecké školy  |7 ph127287  |z Rakousko  |y 20. stol.  |2 czenas 
650 0 7 |a užité umění  |7 ph116551  |z Rakousko  |y 20. stol.  |2 czenas 
650 0 7 |a užitkový design  |7 ph634109  |z Rakousko  |y 20. stol.  |2 czenas 
650 0 7 |a bytová architektura  |7 ph119050  |z Rakousko  |y 20. stol.  |2 czenas 
650 0 7 |a rakouská architektura  |7 ph125006  |y 20. stol.  |2 czenas 
650 0 7 |a rakouské výtvarné umění  |7 ph125022  |y 20. stol.  |2 czenas 
655 7 |a kolektivní monografie  |7 fd501537  |2 czenas 
610 2 7 |a Hochschule für Angewandte Kunst (Vídeň, Rakousko)  |7 ko2003196032  |2 czenas 
651 7 |a Vídeň (Rakousko)  |7 ge131380  |2 czenas 
700 1 |a Patka, Erika,  |d 1942-  |7 mzk2011638748  |4 edt 
710 2 |a Hochschule für Angewandte Kunst (Vídeň, Rakousko)  |7 ko2003196032 
910 2 |a BOA001  |b RK-0005.730 
990 |a BK 
991 |b 201105  |c NOV  |e n  |x 33 
996 7 |b 261A006905  |c RK-0005.730  |l Rakouská knihovna/2.patro  |r ZHR  |n 0  |p dar  |h BK  |w 001179830  |u 000010  |a 0  |e BOA001  |j MZK50  |s A